000 01399cam a22003734a 4500
001 15369202
003 OSt
005 20110421095403.0
008 080716s2008 enka b 001 0 eng
010 _a 2008275103
015 _aGBA862677
_2bnb
016 7 _a014585576
_2Uk
020 _a9780521716468 (pbk.)
020 _a0521716462 (pbk.)
035 _a(OCoLC)ocn174449859
040 _aUKM
_cUKM
_dYDXCP
_dBAKER
_dBTCTA
_dBWK
_dBWX
_dGZL
_dMIA
_dDLC
042 _aukblsr
_alccopycat
050 0 0 _aK1401
_b.T43 2008
082 0 4 _a346.048 TEA
_222
245 0 0 _aTeaching of intellectual property :
_bprinciples and methods /
_cedited by Yo Takagi, Larry Allman, Mpazi A. Sinjela.
260 _aCambridge :
_bCambridge University Press,
_c2008.
300 _axvii, 333 p. :
_bill. ;
_c23 cm.
504 _aIncludes bibliographical references and index.
650 0 _aIntellectual property.
_9688
650 0 _aIntellectual property
_xStudy and teaching.
_91385
700 1 _aTakagi, Yo.
_91386
700 1 _aAllman, Larry.
_91387
700 1 _aSinjela, Mpazi.
_91388
710 2 _aWorld Intellectual Property Organization.
_91326
906 _a7
_bcbc
_ccopycat
_d2
_encip
_f20
_gy-gencatlg
942 _2ddc
_cBK
999 _c466
_d466